000 00768nam a2200265Ia 4500
003 OSt
005 20221005073145.0
006 a|||||r|||| 00| 0
007 ta
008 221004b |||||||| |||| 00| 0 eng d
020 _a8187746203
_c1450
024 _a81710
037 _b2067, 30/03/2005, Global Vision Publishing House
_cTextual
040 _aCRL
_cCRL
_beng
041 _2eng
_aeng
082 _aS55, P2.1-.2
100 _aKerber K. L.
245 0 _aPsycho-feminism
260 _aNew Delhi
_bGlobal Vision Publishing House India
_c2002
490 _vV1
650 _a PSYCHOLOGY
650 _aWOMEN
942 _hS55, P2.1-.2
_cTEXL
_2cc
999 _c980653
_d980653